000 00696nam a22002537a 4500
001 BR9508143
003 BR-BrBNA
005 20230928095119.0
007 ta
008 230509b bl.||||| |||| 00| 0 por d
040 _aBR-BrBNA
_bpor
_cBiblioteca Nacional de Agricultura
041 _a(Por)
072 _aJ10
090 _ J10 BR9508143
110 1 _aAssociacao Brasileira da Industria de Armazenagem Frigorificada, Sao Paulo, SP (Brasil)
_9179
245 1 _a2. Anuario, 1982 - ABIAF
260 3 _aSao Paulo, SP (Brasil):
_c1982.
300 _a97 p.
650 _aArmazenamento
650 _aFrigorifico
650 _aArmazem
909 _a202309
_bLucia
_c55
_dLucia Elande
942 _cBK
999 _c54607
_d54607